استقرار الطلب على النقود في ظل مؤشرات السياسة النقدية : (رقم التسجيلة. 247533)

تفاصيل مارك
000 -الفاتح
عناصر البيانات ثابتة الطول 01047nam a22002537i 4500
005 - تاريخ ووقت آخر معاملة
حقل ضبط 20260108102624.0
008 - عناصر البيانات ثابتة الطول
عناصر البيانات ثابتة الطول 250906s2025 jo ||||gr|||| 00| 0 ara d
020 ## - الترقيم الدولي المعياري للكتب (ردمك)
الترقيم الدولي المعياري للكتب (ردمك) 9789923282700
040 ## - مصدر الفهرسة
هيئة الفهرسة الأصلية JO-AmGAM
قواعد الوصف rda
082 14 - رقم تصنيف ديوي العشري
رقم التصنيف 332.46
رقم المادة ج ب و
100 1# - مدخل رئيسي – اسم شخصي
الاسم الشخصي الجبوري، سوسن كريم
علاقة الشخص بالعمل/ دوره مؤلف.
245 10 - بيان العنوان
العنوان استقرار الطلب على النقود في ظل مؤشرات السياسة النقدية :
بقية العنوان نظريات وطرق قياس /
بيان المسؤولية الأستاذ الدكتورة سوسن كريم الجبوري، نور محمد الأزرقي.
250 ## - بيان الطبعة
بيان الطبعة الطبعة الأولى.
264 31 - بيانات النشر، التوزيع…إلخ
مكان النشر، التوزيع...إلخ عمان :
اسم الناشر، الموزع...إلخ دار صفاء للطباعة والنشر والتوزيع،
تاريخ النشر، التوزيع...إلخ 2025.
300 ## - الوصف المادي
عدد الوحدات المكونة للوعاء 237 صفحة.
336 ## - نوع المحتوى
المصدر rdacontent
مصطلح نوع المحتوى نص
كود نوع المحتوى txt
337 ## - نوع الوسيط
المصدر rdamedia
مصطلح نوع الوسيط دون وسيط عرض
كود نوع الوسيط n
338 ## - نوع الحامل
المصدر rdacarrier
مصطلح نوع الحامل مجلد
كود نوع الحامل nc
650 17 - مدخل إضافي بالموضوع - مصطلح موضوعي
مصطلح موضوعي أو اسم جغرافي كعنصر مدخل النقود.
650 17 - مدخل إضافي بالموضوع - مصطلح موضوعي
مصطلح موضوعي أو اسم جغرافي كعنصر مدخل السياسات النقدية.
700 1# - مدخل إضافي - اسم شخصي
الاسم الشخصي الأزرقي، نور محمد
علاقة الشخص بالعمل/ دوره مؤلف.
942 ## - بيانات إضافية (كوها)
نوع التنصيف Dewey Decimal Classification
نوع المادة (كوها) كتب
المقتنيات
حالة السحب حالة الفقدان مصدر التصنيف حالة التلف غير قابل للإعارة المكتبة الرئيسية المكتبة الحالية موقع الرف تاريخ التزويد مصدر التزويد العملة التكلفة، سعر الشراء العادي الرقم المتسلسل Total Checkouts رقم الإستدعاء الباركود تاريخ آخر ظهور التكلفة وسعر الاستبدال تاريخ الفاتورة نوع المادة (كوها)
    Dewey Decimal Classification     المكتبة المركزية المكتبة المركزية الإعارة 16/12/2025 55 JOD 5.00 1799240   332.46 / ج ب و PLD00928853 16/12/2025 10.00 16/12/2025 كتب
Implemented & Customized by: BBB with SCIT (Smart Chains for Information Technology)

Powered by Koha